[Event "Titled Tuesday intern op 02nd Apr Late"]
[Site "Chess.com INT"]
[Date "2024.04.02"]
[Round "1"]
[White "Srdanovic, Jovana"]
[Black "Bluebaum, Matthias"]
[Result "0-1"]
[WhiteElo "2149"]
[BlackElo "2649"]
[PlyCount "88"]
[EventDate "2024.04.02"]
[EventType "swiss (blitz)"]
[EventRounds "11"]
[EventCountry "USA"]
[SourceTitle "CB15_2024"]
[SourceDate "2024.04.10"]
[SourceVersion "1"]
[SourceVersionDate "2024.04.10"]
[SourceQuality "1"]

1. d4 d5 2. c4 e6 3. Nc3 Bb4 4. Nf3 Nf6 5. cxd5 exd5 6. Qb3 a5 7. Bg5 c6 8. e3 0-0 9. Bd3 h6 10. Bh4 Be7 11. 0-0 Nbd7 12. Qc2 Re8 13. Ne5 Nxe5 14. dxe5 Ng4 15. Bg3 Bf8 16. f4 Nxe3 17. Qf2 Ng4 18. Qf3 Qb6+ 19. Kh1 Qxb2 20. Rac1 d4 21. Ne4 Ne3 22. f5 Bxf5 23. Nf6+ gxf6 24. Bxf5 Nxf5 25. Qxf5 Qxa2 26. exf6 Qe6 27. Qf3 Qe4 28. Qh5 d3 29. Rce1 Qh7 30. Rd1 Kh8 31. Rf4 Qg6 32. Qf3 Re6 33. Bh4 Rae8 34. Rg4 Qh7 35. h3 Re3 36. Qf2 R3e4 37. Rxe4 Qxe4 38. Qg3 Qg6 39. Qf3 Rd8 40. Bf2 a4 41. Bb6 Rd5 42. Qe3 Qxf6 43. Qe8 Kg7 44. Be3 Qe6 0-1

[Event "Senta Fantastico op 02"]
[Site "Senta"]
[Date "2024.02.26"]
[Round "7"]
[White "Sredojevic, Ivan"]
[Black "Srdanovic, Jovana"]
[Result "1-0"]
[WhiteElo "2265"]
[BlackElo "2107"]
[PlyCount "77"]
[EventDate "2024.02.22"]
[EventType "swiss"]
[EventRounds "9"]
[EventCountry "SRB"]
[SourceTitle "CB10_2024"]
[SourceDate "2024.03.06"]
[SourceVersion "1"]
[SourceVersionDate "2024.03.06"]
[SourceQuality "1"]

1. e4 c5 2. Nf3 e6 3. d4 cxd4 4. Nxd4 Nf6 5. Nc3 Nc6 6. Ndb5 Bb4 7. a3 Bxc3+ 8. Nxc3 0-0 9. Qd6 Ne8 10. Qg3 d5 11. exd5 exd5 12. Bg5 f6 13. Bf4 Qe7+ 14. Kd2 d4 15. Nb5 a6 16. Bc4+ Kh8 17. Rae1 Ne5 18. Bxe5 fxe5 19. Rxe5 Qf6 20. Rxe8 Rxe8 21. Nc7 Bf5 22. Nxa8 d3 23. Re1 Rxa8 24. c3 b5 25. Bd5 Rf8 26. Qf4 Qd8 27. Re5 Bg6 28. Qe3 Qd6 29. f4 b4 30. axb4 Qd7 31. b3 Qg4 32. f5 Bh5 33. Bf3 Qh4 34. Bxh5 Qxh5 35. h3 Rd8 36. f6 Qg6 37. fxg7+ Kg8 38. g4 Qf7 39. Re7 1-0

[Event "Titled Tuesday intern op 13th Feb Late"]
[Site "Chess.com INT"]
[Date "2024.02.13"]
[Round "2"]
[White "Srdanovic, Jovana"]
[Black "Curtis, John"]
[Result "0-1"]
[WhiteElo "2107"]
[BlackElo "2292"]
[PlyCount "44"]
[EventDate "2024.02.13"]
[EventType "swiss (blitz)"]
[EventRounds "11"]
[EventCountry "USA"]
[SourceTitle "CB08_2024"]
[SourceDate "2024.02.21"]
[SourceVersion "1"]
[SourceVersionDate "2024.02.21"]
[SourceQuality "1"]

1. d4 Nf6 2. c4 e6 3. Nf3 Be7 4. Nc3 d5 5. Bf4 c6 6. e3 0-0 7. Bd3 dxc4 8. Bxc4 Nd5 9. Bg3 Nxc3 10. bxc3 Nd7 11. 0-0 a6 12. Bd3 b5 13. a4 Bb7 14. e4 b4 15. cxb4 Bxb4 16. e5 a5 17. Bh4 f6 18. exf6 Nxf6 19. Ng5 Qd5 20. Qc2 c5 21. Bxh7+ Kh8 22. Bg6 Qxg2# 0-1

[Event "Pozarevac Rudar IM 01"]
[Site "Pozarevac"]
[Date "2024.01.29"]
[Round "8.3"]
[White "Srdanovic, Jovana"]
[Black "Unat, Can Haktan"]
[Result "1/2-1/2"]
[WhiteElo "2121"]
[BlackElo "2267"]
[PlyCount "83"]
[EventDate "2024.01.24"]
[EventType "tourn"]
[EventRounds "9"]
[EventCountry "SRB"]
[SourceTitle "CB06_2024"]
[SourceDate "2024.02.07"]
[SourceVersion "1"]
[SourceVersionDate "2024.02.07"]
[SourceQuality "1"]
[WhiteTeam "Team B"]
[BlackTeam "Team D"]
[WhiteTeamCountry "SRB"]
[BlackTeamCountry "SRB"]

1. e4 c5 2. d4 cxd4 3. Qxd4 Nc6 4. Qd3 Nf6 5. Nc3 e6 6. Nf3 Qc7 7. Be2 Bc5 8. 0-0 a6 9. Bg5 b5 10. Bh4 Bb7 11. a3 Rc8 12. Bg3 Qd8 13. e5 Nh5 14. Ne4 Nxg3 15. hxg3 Be7 16. Rfd1 0-0 17. Qxd7 Qb6 18. Qd2 Rfd8 19. Qf4 h6 20. g4 Na5 21. Bd3 Bxe4 22. Qxe4 g6 23. b3 Nc6 24. Qf4 Kg7 25. g3 Nd4 26. Nxd4 Rxd4 27. Qf3 Rc3 28. Kg2 Qc7 29. Re1 Rd5 30. Qe4 Bc5 31. Rad1 Rd4 32. Qf3 Bxa3 33. g5 Qc6 34. gxh6+ Kxh6 35. Re4 Qxe4 36. Bxe4 Rxf3 37. Rxd4 Bc5 38. Bxf3 Bxd4 39. Bb7 a5 40. Bc6 a4 41. bxa4 bxa4 42. Bxa4 1/2-1/2

[Event "Pozarevac Rudar IM 01"]
[Site "Pozarevac"]
[Date "2024.01.26"]
[Round "4.3"]
[White "Srdanovic, Jovana"]
[Black "Novikova, Anna"]
[Result "1-0"]
[WhiteElo "2121"]
[BlackElo "2232"]
[PlyCount "179"]
[EventDate "2024.01.24"]
[EventType "tourn"]
[EventRounds "9"]
[EventCountry "SRB"]
[SourceTitle "CB06_2024"]
[SourceDate "2024.02.07"]
[SourceVersion "1"]
[SourceVersionDate "2024.02.07"]
[SourceQuality "1"]
[WhiteTeam "Team B"]
[BlackTeam "Team C"]
[WhiteTeamCountry "SRB"]
[BlackTeamCountry "SRB"]

1. d4 Nf6 2. c4 g6 3. g3 c6 4. Bg2 d5 5. cxd5 cxd5 6. Nc3 Nc6 7. Nf3 Bg7 8. Ne5 0-0 9. 0-0 Bf5 10. Bf4 Rc8 11. Rc1 Qa5 12. Qd2 Rfd8 13. h3 h5 14. Rfd1 Qa6 15. b3 b5 16. e3 Qb7 17. Qe2 a6 18. g4 hxg4 19. hxg4 Be6 20. g5 Nh5 21. Nd3 Qa7 22. Bh2 Nxd4 23. exd4 Bxd4 24. Nb1 Qd7 25. Ne5 Bxe5 26. Bxe5 Bg4 27. Bf3 Bxf3 28. Qxf3 Rxc1 29. Rxc1 d4 30. Rd1 d3 31. Nd2 Qe6 32. Qe4 Kh7 33. Bc7 Rd5 34. Qxe6 Rxg5+ 35. Kf1 fxe6 36. Nf3 Rc5 37. Bh2 Rc2 38. Rxd3 Rxa2 39. Ng5+ Kh6 40. Nxe6 g5 41. Rd8 Nf6 42. Nd4 Kg6 43. Ra8 Ne4 44. Bg1 a5 45. Ra6+ Kf7 46. Nxb5 Nd2+ 47. Kg2 Nxb3 48. Nc3 Rc2 49. Ne4 g4 50. Bh2 Rc4 51. Ng5+ Ke8 52. Ra7 a4 53. Ne6 Nd2 54. Nc7+ Kf7 55. Nd5 Re4 56. Nc3 Rc4 57. Nxa4 Nf3 58. Nb6 Nh4+ 59. Kf1 Rc1+ 60. Ke2 Rc2+ 61. Kd1 Rxf2 62. Bg3 Rb2 63. Nc4 Rb1+ 64. Kc2 Rh1 65. Ne5+ Ke6 66. Nxg4 Nf5 67. Ra6+ Nd6 68. Nf2 Rh8 69. Ne4 Rd8 70. Kd3 Kd5 71. Nc3+ Ke6 72. Nb5 Kd7 73. Ra7+ Ke6 74. Nd4+ Kf7 75. Nc6 Rc8 76. Nxe7 Rc3+ 77. Ke2 Nb5 78. Rb7 Nd4+ 79. Kf2 Rf3+ 80. Kg2 Rb3 81. Rd7 Rb2+ 82. Kh3 Ne2 83. Nd5+ Ke6 84. Rd6+ Kf7 85. Rf6+ Ke8 86. Re6+ Kf7 87. Re7+ Kg8 88. Nf6+ Kf8 89. Bd6 Ng1+ 90. Kg3 1-0

[Event "Pozarevac Rudar IM 01"]
[Site "Pozarevac"]
[Date "2024.01.24"]
[Round "1.3"]
[White "Ilincic, Zlatko"]
[Black "Srdanovic, Jovana"]
[Result "0-1"]
[WhiteElo "2291"]
[BlackElo "2121"]
[PlyCount "58"]
[EventDate "2024.01.24"]
[EventType "tourn"]
[EventRounds "9"]
[EventCountry "SRB"]
[SourceTitle "CB06_2024"]
[SourceDate "2024.02.07"]
[SourceVersion "1"]
[SourceVersionDate "2024.02.07"]
[SourceQuality "1"]
[WhiteTeam "Team A"]
[BlackTeam "Team B"]
[WhiteTeamCountry "SRB"]
[BlackTeamCountry "SRB"]

1. d4 d5 2. Nf3 Nf6 3. e3 c5 4. dxc5 e6 5. c4 Bxc5 6. a3 0-0 7. Nbd2 Nc6 8. b4 Be7 9. Bb2 a5 10. b5 Nb8 11. Be2 Nbd7 12. 0-0 a4 13. Qc2 Bd6 14. cxd5 exd5 15. Bd3 Re8 16. e4 dxe4 17. Nxe4 Nxe4 18. Bxe4 Nf8 19. Rad1 Qe7 20. Rfe1 Be6 21. Nd4 Bxa3 22. Bxa3 Qxa3 23. Bxb7 Bb3 24. Nxb3 axb3 25. Qb1 Rxe1+ 26. Rxe1 Ra5 27. Bc6 Qb4 28. Re2 Qc3 29. Rb2 Ra2 0-1

[Event "Titled Tuesday intern op 09th Jan Early"]
[Site "Chess.com INT"]
[Date "2024.01.09"]
[Round "9"]
[White "Tarhan, Adar"]
[Black "Srdanovic, Jovana"]
[Result "1-0"]
[WhiteElo "2420"]
[BlackElo "2121"]
[PlyCount "63"]
[EventDate "2024.01.09"]
[EventType "swiss (blitz)"]
[EventRounds "11"]
[EventCountry "USA"]
[SourceTitle "CB03_2024"]
[SourceDate "2024.01.17"]
[SourceVersion "1"]
[SourceVersionDate "2024.01.17"]
[SourceQuality "1"]

1. e4 c5 2. Nf3 Nf6 3. e5 Nd5 4. Nc3 Nxc3 5. dxc3 Nc6 6. Bc4 e6 7. 0-0 Qc7 8. Bf4 h6 9. Re1 Be7 10. Qe2 b6 11. Rad1 Bb7 12. Rd2 a6 13. a4 0-0 14. Red1 Rfd8 15. Bd3 Na5 16. c4 Bc6 17. b3 Qb7 18. Bg3 Bxf3 19. gxf3 Rac8 20. f4 d5 21. cxd5 Rxd5 22. Be4 Rxd2 23. Rxd2 Qc7 24. f5 c4 25. fxe6 fxe6 26. Qg4 cxb3 27. Qxe6+ Kf8 28. Bd5 Bg5 29. Qg8+ Ke7 30. Qf7+ Kd8 31. Qf8+ Kd7 32. e6# 1-0

[Event "Titled Tuesday intern op 14th Nov Early"]
[Site "Chess.com INT"]
[Date "2023.11.14"]
[Round "3"]
[White "Aradhya, Garg"]
[Black "Srdanovic, Jovana"]
[Result "0-1"]
[WhiteElo "2384"]
[BlackElo "2150"]
[PlyCount "102"]
[EventDate "2023.11.14"]
[EventType "swiss (blitz)"]
[EventRounds "11"]
[EventCountry "USA"]
[SourceTitle "CB47_2023"]
[SourceDate "2023.11.22"]
[SourceVersion "1"]
[SourceVersionDate "2023.11.22"]
[SourceQuality "1"]

1. d4 d5 2. c4 e6 3. Nc3 Nf6 4. cxd5 Nxd5 5. e4 Nxc3 6. bxc3 c5 7. Rb1 cxd4 8. cxd4 Be7 9. Nf3 0-0 10. Bc4 b6 11. d5 Bc5 12. 0-0 Qc7 13. dxe6 Bxe6 14. Bxe6 fxe6 15. Qb3 Qc6 16. Ng5 Rf6 17. Be3 Nd7 18. Rfd1 Rg6 19. f3 h6 20. Nh3 Bxe3+ 21. Qxe3 e5 22. Rbc1 Nc5 23. Nf2 Rd6 24. Ng4 Rxd1+ 25. Rxd1 Qa4 26. Qd2 Re8 27. Qd5+ Kh8 28. h4 h5 29. Ne3 Re7 30. Kh2 Qe8 31. Qd8 Kh7 32. Nf5 Qxd8 33. Rxd8 Rd7 34. Rc8 Rd2 35. Rc7 Rxa2 36. Rxg7+ Kh8 37. Re7 Nd3 38. Kg1 b5 39. Nd6 b4 40. Nf7+ Kg8 41. Nxe5 Nxe5 42. Rxe5 b3 43. Rb5 b2 44. Kh2 a5 45. Rb7 a4 46. e5 a3 47. e6 Kf8 48. f4 Ra1 49. f5 b1Q 50. Rxb1 Rxb1 51. Kg3 Rf1 0-1

[Event "Pozarevac Rudar 18th"]
[Site "Pozarevac"]
[Date "2023.11.07"]
[Round "1"]
[White "Shoshin, Kirill"]
[Black "Srdanovic, Jovana"]
[Result "1-0"]
[WhiteElo "2250"]
[BlackElo "2150"]
[PlyCount "159"]
[EventDate "2023.11.07"]
[EventType "schev"]
[EventRounds "8"]
[EventCountry "SRB"]
[SourceTitle "CB46_2023"]
[SourceDate "2023.11.15"]
[SourceVersion "1"]
[SourceVersionDate "2023.11.15"]
[SourceQuality "1"]
[WhiteTeam "Team C"]
[BlackTeam "Team D"]
[WhiteTeamCountry "SRB"]
[BlackTeamCountry "SRB"]

1. d4 d5 2. Nf3 Nf6 3. Bf4 c5 4. e3 Nc6 5. Nbd2 cxd4 6. exd4 a6 7. c3 Bf5 8. Be2 h6 9. Ne5 Rc8 10. Ndf3 Nd7 11. Nxc6 Rxc6 12. 0-0 e6 13. a4 Be7 14. a5 0-0 15. Qb3 Qc8 16. Rfe1 Be4 17. h3 Re8 18. Nd2 Bg6 19. Ra4 Bf8 20. Bf1 Qa8 21. Raa1 Nf6 22. Nf3 Nd7 23. Bg3 Rcc8 24. c4 Be4 25. c5 Nb8 26. Nd2 Bg6 27. Bd3 Bxd3 28. Qxd3 Nc6 29. Nf3 Be7 30. Ne5 Bd8 31. Nxc6 bxc6 32. Ra3 Re7 33. Rb3 Bxa5 34. Ra1 Bd8 35. Qxa6 Qxa6 36. Rxa6 f6 37. Bd6 Rd7 38. f4 Kf7 39. Kf2 Be7 40. Bxe7 Kxe7 41. Rbb6 Rdc7 42. b4 e5 43. fxe5 fxe5 44. dxe5 Kd7 45. Ke3 Rf8 46. e6+ Kxe6 47. Rxc6+ Rxc6 48. Rxc6+ Ke5 49. Rc7 Rb8 50. Rxg7 Rxb4 51. Re7+ Kf5 52. c6 Rc4 53. c7 Kf6 54. Rh7 Kg6 55. Rd7 Kf6 56. Kd3 Kg6 57. h4 Kf6 58. g4 Ke5 59. g5 hxg5 60. h5 Ke6 61. Rg7 Kf6 62. h6 g4 63. Rd7 Ke6 64. h7 Kxd7 65. h8Q Kxc7 66. Qf6 Kd7 67. Qe5 Kc6 68. Qe6+ Kc5 69. Qe7+ Kc6 70. Qf6+ Kc5 71. Qe7+ Kc6 72. Qe8+ Kd6 73. Qb8+ Kc6 74. Qe5 Re4 75. Qf6+ Kc5 76. Qa6 Rc4 77. Qa3+ Kc6 78. Qe7 Re4 79. Qf7 Rc4 80. Qe6+ 1-0

[Event "Pozarevac Rudar IM 11"]
[Site "Pozarevac"]
[Date "2023.11.03"]
[Round "5.2"]
[White "Popchev, Milko"]
[Black "Srdanovic, Jovana"]
[Result "1-0"]
[WhiteElo "2229"]
[BlackElo "2143"]
[PlyCount "132"]
[EventDate "2023.10.30"]
[EventType "tourn"]
[EventRounds "9"]
[EventCountry "SRB"]
[SourceTitle "CB46_2023"]
[SourceDate "2023.11.15"]
[SourceVersion "1"]
[SourceVersionDate "2023.11.15"]
[SourceQuality "1"]

1. c4 c6 2. d4 d5 3. e3 Nf6 4. Nf3 Bf5 5. Nc3 e6 6. Be2 Nbd7 7. 0-0 h6 8. b3 Bd6 9. Bb2 0-0 10. Nd2 Qe7 11. Bf3 Rfe8 12. Re1 Rad8 13. a3 Bb8 14. e4 dxe4 15. Ndxe4 Nxe4 16. Nxe4 Nf6 17. Ng3 Bg6 18. Qd2 Qd6 19. Qb4 Qd7 20. Rad1 Bd6 21. Qc3 Qc7 22. b4 a5 23. Qb3 axb4 24. axb4 b5 25. c5 Bxg3 26. hxg3 Nd5 27. Bc1 Qa7 28. Bd2 Ra8 29. Qb2 Qb7 30. Ra1 Rxa1 31. Rxa1 Ra8 32. Ra5 Rd8 33. Qa3 Kh7 34. Ra7 Qc8 35. Qa6 Qxa6 36. Rxa6 Rc8 37. Kf1 Bd3+ 38. Ke1 g5 39. Kd1 Kg7 40. Kc1 Rc7 41. Kb2 Bc4 42. Bc3 Nxc3 43. Kxc3 Bd5 44. Kd3 Kg6 45. Ke3 f6 46. g4 Kf7 47. Be4 Bxe4 48. Kxe4 Kg6 49. Ra8 Kf7 50. g3 Kg7 51. f4 gxf4 52. gxf4 f5+ 53. gxf5 exf5+ 54. Kxf5 Rd7 55. Ke5 Re7+ 56. Kf5 Rd7 57. Ke5 h5 58. f5 h4 59. Ke6 Rf7 60. Ra3 Rf6+ 61. Ke5 Rh6 62. Rh3 Kf7 63. d5 cxd5 64. Kxd5 Kf6 65. Kc6 Ke7+ 66. Kxb5 Kd8 1-0

[Event "SRB-chT (Women) Div1"]
[Site "Senta"]
[Date "2023.10.16"]
[Round "7.4"]
[White "Srdanovic, Jovana"]
[Black "Vujcic, Milena"]
[Result "1-0"]
[WhiteElo "2143"]
[BlackElo "2104"]
[PlyCount "111"]
[EventDate "2023.10.10"]
[EventType "team-tourn"]
[EventRounds "11"]
[EventCountry "SRB"]
[SourceTitle "Mega2024 Update 01"]
[Source "Chessbase"]
[SourceDate "2023.11.12"]
[SourceVersion "1"]
[SourceVersionDate "2023.11.12"]
[SourceQuality "1"]
[WhiteTeam "Belgrade Crvena Zvezda (W)"]
[BlackTeam "Goracici Jelica (W)"]
[WhiteTeamCountry "SRB"]
[BlackTeamCountry "SRB"]

1. d4 Nf6 2. c4 g6 3. g3 Bg7 4. Bg2 0-0 5. Nc3 d6 6. Nf3 Nc6 7. Bf4 a6 8. 0-0 Rb8 9. Rc1 Re8 10. d5 Na5 11. b3 b5 12. cxb5 axb5 13. b4 Nc4 14. Nd4 Bd7 15. Nc6 Bxc6 16. dxc6 e6 17. Bg5 h6 18. Bxf6 Bxf6 19. Ne4 Bg7 20. Nd2 Nb2 21. Qb3 Ra8 22. Rc2 Na4 23. Qd3 Qb8 24. h4 h5 25. Rb1 Qb6 26. Nb3 Qa6 27. e3 Nb6 28. Na5 d5 29. e4 Red8 30. Nb7 dxe4 31. Qe2 Rd3 32. Bxe4 Rc3 33. Rd2 Nc4 34. Rd8+ Rxd8 35. Nxd8 Qb6 36. Kg2 Nd6 37. Rd1 Rc4 38. Bf3 Rxb4 39. Rd3 Rb2 40. Rd2 Rxd2 41. Qxd2 Bd4 42. Qe2 b4 43. Nb7 Nb5 44. Nd8 Nc3 45. Qd2 Kg7 46. Bxh5 Ne4 47. Qf4 Nf6 48. Be2 Kf8 49. Bf3 Ke7 50. Nb7 Bxf2 51. Qd2 Bd4 52. Qg5 e5 53. Qd2 e4 54. Be2 Qxc6 55. Qxb4+ Ke6 56. Nd8+ 1-0

[Event "SRB-chT (Women) Div1"]
[Site "Senta"]
[Date "2023.10.12"]
[Round "3.4"]
[White "Zarkovic, Mila"]
[Black "Srdanovic, Jovana"]
[Result "1/2-1/2"]
[WhiteElo "2199"]
[BlackElo "2143"]
[PlyCount "51"]
[EventDate "2023.10.10"]
[EventType "team-tourn"]
[EventRounds "11"]
[EventCountry "SRB"]
[SourceTitle "Mega2024 Update 01"]
[Source "Chessbase"]
[SourceDate "2023.11.12"]
[SourceVersion "1"]
[SourceVersionDate "2023.11.12"]
[SourceQuality "1"]
[WhiteTeam "Sremska Mitrovica Sirmium (W)"]
[BlackTeam "Belgrade Crvena Zvezda (W)"]
[WhiteTeamCountry "SRB"]
[BlackTeamCountry "SRB"]

1. e4 c5 2. Nf3 e6 3. d4 cxd4 4. Nxd4 a6 5. c4 Nf6 6. Nc3 d6 7. Be2 Be7 8. Be3 Qc7 9. Qd2 b6 10. f3 Bb7 11. Rc1 Nbd7 12. 0-0 0-0 13. Kh1 Rac8 14. Rfd1 Qb8 15. Na4 Rfe8 16. b4 Bd8 17. Bg1 Bc7 18. Rb1 Ne5 19. b5 Qa8 20. bxa6 Bxa6 21. Nxb6 Bxb6 22. Rxb6 Nxc4 23. Bxc4 Bxc4 24. Rxd6 Qxa2 25. Qxa2 Bxa2 26. Rd2 1/2-1/2

[Event "Titled Tuesday intern op 05th Sep Early"]
[Site "Chess.com INT"]
[Date "2023.09.05"]
[Round "1"]
[White "Lazavik, Denis"]
[Black "Srdanovic, Jovana"]
[Result "1-0"]
[WhiteElo "2560"]
[BlackElo "2143"]
[PlyCount "91"]
[EventDate "2023.09.05"]
[EventType "swiss (blitz)"]
[EventRounds "11"]
[EventCountry "USA"]
[SourceTitle "EXT 2024"]
[Source "ChessBase"]
[SourceDate "2023.10.10"]
[SourceVersion "1"]
[SourceVersionDate "2023.10.10"]
[SourceQuality "1"]

1. d4 d5 2. c4 c6 3. Nf3 Nf6 4. Qc2 dxc4 5. Qxc4 Bf5 6. g3 e6 7. Bg2 Be7 8. 0-0 0-0 9. Qb3 Qb6 10. Nbd2 Ne4 11. Nc4 Qa6 12. Nh4 Bxh4 13. gxh4 Rd8 14. f3 Nf6 15. e4 Bg6 16. Be3 Nbd7 17. Rac1 Rac8 18. Rfd1 h6 19. Bf1 b5 20. Nd6 Rb8 21. Qc3 Nb6 22. Qxc6 Qxa2 23. Nxb5 Qb3 24. Qc3 Qxc3 25. bxc3 Bh5 26. Kf2 a6 27. Na3 a5 28. Be2 Rdc8 29. c4 Na4 30. Nb5 Nb6 31. c5 Nbd7 32. Nd6 Rc7 33. Rb1 Ra8 34. Ra1 e5 35. Nb5 Rcc8 36. Rdc1 exd4 37. Bxd4 a4 38. c6 Nf8 39. Nd6 Rd8 40. Nf5 Ng6 41. c7 Rdc8 42. Bxf6 gxf6 43. Nd6 Nf4 44. Nxc8 Rxc8 45. Rxa4 Kf8 46. Ba6 1-0